Langue maternelle et langues secondes: vers une pédaggogie intégrée
Uloženo v:
| Hlavní autor: | |
|---|---|
| Médium: | Kniha |
| Jazyk: | francouzština |
| Vydáno: |
París
Hartier
1980
|
| Témata: | |
| Tagy: |
Přidat tag
Žádné tagy, Buďte první, kdo vytvoří štítek k tomuto záznamu!
|
MARC
| LEADER | 00000nam a2200000 a 4500 | ||
|---|---|---|---|
| 001 | UCQ7934 | ||
| 003 | CL-VaPUC | ||
| 008 | 981121e19800000FR |||||||||||||||||fre|d | ||
| 082 | 0 | 4 | |a 418.007 |b ROU |2 21 |
| 100 | 0 | |a Roulet, Eddy |e author |9 421749 | |
| 245 | 1 | 0 | |a Langue maternelle et langues secondes: vers une pédaggogie intégrée |
| 300 | |a 126 p | ||
| 942 | |c BK | ||
| 945 | |d 19981121 00:00:00 |a crobeson | ||
| 260 | |a París |b Hartier |c 1980 | ||
| 650 | 0 | |a Lingüística aplicada |9 313266 | |
| 650 | 0 | |a Educación lingüística |9 306506 | |
| 650 | 0 | |a Enseñanza de idiomas |9 339820 | |
| 650 | 7 | |a ENSEÑANZA DE LA LENGUA MATERNA |2 CL-VaPUC |9 334470 | |
| 650 | 0 | |a Lenguas extranjeras |9 343620 | |
| 583 | |a last modification |c 19981121 00:00:00 |k Rodrigo Vera | ||
| 999 | |c 277308 |d 277306 | ||
| 952 | |0 0 |1 0 |4 0 |6 418_007000000000000_ROU_1980 |7 0 |8 A |9 315194 |a FDOPOS |b FDOPOS |d 2019-11-20 |i 1495038 |o 418.007 ROU 1980 |p 1495038 |r 2025-01-22 |w 2019-11-20 |y BK |k MLA | ||